Quick Pick: Movies without Humans Quiz Stats

Quiz Updated Nov 29, 2016

Challenge
Share
Tweet
Embed
Score 0/5 Timer 00:30
0 Plays Today
% Correct
The Lion King
87.5%
The Land Before Time
72.1%
Zootopia
71.3%
Cars
66.8%
The Dark Crystal
36.1%

Today's Daily Dose

You're not logged in!

Compare scores with friends on all Sporcle quizzes.
Sign Up with Email
OR
Log In

You Might Also Like...

Show Comments

Extras

Top Quizzes Today


Score Distribution

Your Account Isn't Verified!

In order to create a playlist on Sporcle, you need to verify the email address you used during registration. Go to your Sporcle Settings to finish the process.